[Event "FIDE World Rapid Team"]
[Site "London ENG"]
[Date "2025.06.12"]
[Round "6.4"]
[White "Sapenov, Daniyal"]
[Black "Sharshenbekov, Emir"]
[Result "1-0"]
[WhiteTitle "IM"]
[BlackTitle "CM"]
[WhiteElo "2405"]
[BlackElo "2091"]
[WhiteTeam "Rookies"]
[BlackTeam "Noval Group Kyrgyzstan"]
[WhiteFideId "13728911"]
[BlackFideId "13810634"]
[EventDate "2025.06.11"]
[EventType "team"]

1. d4 Nf6 2. c4 c5 3. d5 b5 4. cxb5 a6 5. bxa6 d6 6. Nc3 g6 7. e4 Bg7 8. Bb5+
Bd7 9. Bxd7+ Nfxd7 10. Nf3 O-O 11. O-O Nxa6 12. Bg5 Re8 13. Qd2 Rb8 14. Rac1 Rb4
15. b3 c4 16. bxc4 Nb6 17. Qe2 Nc5 18. Nb5 Nxc4 19. Rxc4 Rxb5 20. Nd4 Bxd4 21.
Rxd4 Qb6 22. e5 dxe5 23. Rc4 Nd7 24. Rc6 Qb7 25. Qc4 Rb4 26. Qc3 Rd4 27. Rc7
Qxd5 28. Rc8 Rxc8 29. Qxc8+ Kg7 30. Bxe7 Rd1 31. Qc2 Rd2 32. Qb3 Qd4 33. a3 Rb2
34. Qg3 Qd5 35. Bb4 Rb3 36. Qh4 f6 37. Qg4 h5 38. Qe2 Rd3 39. h3 Nb6 40. Rc1 Nc4
41. a4 e4 42. Qc2 Rd4 43. Bc3 Na3 44. Qb2 Rxa4 45. Bxf6+ Kh6 46. Be7 Qa8 47.
Bg5+ Kxg5 48. Qe5+ Kh6 49. Qf4+ g5 50. Qf6+ 1-0

[Event "FIDE World Rapid Team"]
[Site "London ENG"]
[Date "2025.06.12"]
[Round "6.5"]
[White "Lesbekova, Assel"]
[Black "Nurman, Alua"]
[Result "0-1"]
[WhiteTitle "WCM"]
[BlackTitle "WGM"]
[WhiteElo "1948"]
[BlackElo "2339"]
[WhiteTeam "Noval Group Kyrgyzstan"]
[BlackTeam "Rookies"]
[WhiteFideId "13713248"]
[BlackFideId "13729390"]
[EventDate "2025.06.11"]
[EventType "team"]

1. d4 Nf6 2. Bf4 g6 3. Nc3 d5 4. e3 Bg7 5. h4 h5 6. Nf3 O-O 7. Be2 c5 8. dxc5
Qa5 9. O-O Qxc5 10. Nb5 Na6 11. a4 Ng4 12. c3 e5 13. b4 Qc6 14. Bg3 Bf5 15. Qb3
Nc7 16. Nfd4 exd4 17. Nxc7 dxe3 18. Nxd5 exf2+ 19. Kh1 Qe6 20. Bc4 Qe4 21. Rad1
Rad8 22. Qa2 Be5 23. Ne7+ Kh7 24. Rxd8 Rxd8 25. Bd5 Rxd5 26. Nxd5 Be6 27. c4
Bxg3 28. Qb3 Bxd5 29. cxd5 Ne3 0-1

[Event "FIDE World Rapid Team"]
[Site "London ENG"]
[Date "2025.06.12"]
[Round "6.6"]
[White "Watson, Mikey J"]
[Black "Tazhimyrzaev, Elzarbek"]
[Result "1-0"]
[WhiteElo "1984"]
[BlackElo "1828"]
[WhiteTeam "Rookies"]
[BlackTeam "Noval Group Kyrgyzstan"]
[WhiteFideId "442690"]
[BlackFideId "13814133"]
[EventDate "2025.06.11"]
[EventType "team"]

1. Nf3 c6 2. g3 f5 3. Bg2 Nf6 4. d4 d6 5. c4 e6 6. Nc3 Be7 7. O-O O-O 8. Qc2 Qe8
9. b3 Qh5 10. h3 Nbd7 11. Ba3 a6 12. Rad1 Rb8 13. e4 fxe4 14. Nxe4 Nxe4 15. Qxe4
Nf6 16. Qe3 Re8 17. Rfe1 Bd7 18. Qf4 c5 19. dxc5 e5 20. Qg5 Qxg5 21. Nxg5 dxc5
22. Rxe5 h6 23. Ne4 Nxe4 24. Rxd7 Bf6 25. Rxe4 Bd4 26. Rxb7 1-0

[Event "FIDE World Rapid Team"]
[Site "London ENG"]
[Date "2025.06.12"]
[Round "6.1"]
[White "Sagalchik, Gennadij"]
[Black "Bjerre, Jonas Buhl"]
[Result "0-1"]
[WhiteTitle "GM"]
[BlackTitle "GM"]
[WhiteElo "2434"]
[BlackElo "2651"]
[WhiteTeam "Perfect"]
[BlackTeam "¡Ållez-Y Initiative!"]
[WhiteFideId "2007916"]
[BlackFideId "1444948"]
[EventDate "2025.06.11"]
[EventType "team"]

1. d4 Nf6 2. c4 e6 3. Nc3 Bb4 4. a3 Bxc3+ 5. bxc3 c5 6. f3 Nc6 7. e4 d6 8. Be3
b6 9. Bd3 Na5 10. Ne2 Ba6 11. Ng3 cxd4 12. cxd4 Rc8 13. Rc1 O-O 14. Qe2 Qe8 15.
Bg5 Nd7 16. Be3 Nb8 17. O-O Nbc6 18. Rb1 Ne7 19. Rfc1 Qd7 20. Nh5 Kh8 21. f4 f5
22. d5 fxe4 23. Bxe4 Rxc4 24. Qg4 Nf5 25. dxe6 Qxe6 26. Rxc4 Nxc4 27. Bd4 Qxe4
28. Bxg7+ Kg8 29. Bc3+ Kf7 30. Re1 Nce3 31. Qg5 h6 32. Qf6+ Ke8 33. Qg6+ Kd8 34.
Ng7 Kc8 0-1

[Event "FIDE World Rapid Team"]
[Site "London ENG"]
[Date "2025.06.12"]
[Round "6.2"]
[White "Jacobsen, Mikkel Manosri"]
[Black "Zlotnik, Boris A"]
[Result "1-0"]
[WhiteTitle "FM"]
[BlackTitle "IM"]
[WhiteElo "2223"]
[BlackElo "2433"]
[WhiteTeam "¡Ållez-Y Initiative!"]
[BlackTeam "Perfect"]
[WhiteFideId "1444514"]
[BlackFideId "4101413"]
[EventDate "2025.06.11"]
[EventType "team"]

1. d4 Nf6 2. Nf3 e6 3. Bf4 d5 4. e3 c5 5. Nbd2 Bd6 6. c3 O-O 7. Bd3 Qc7 8. Bxd6
Qxd6 9. Ne5 b6 10. f4 Ba6 11. Bc2 Nc6 12. g4 Ne7 13. Rg1 Nd7 14. g5 Nxe5 15.
fxe5 Qd7 16. Rg3 Nf5 17. Bxf5 exf5 18. Qc2 cxd4 19. exd4 f4 20. Rg1 Qh3 21. Nf1
Bd3 22. Qf2 Qh5 23. Kd2 Bc4 24. h4 Kh8 25. Nh2 Rae8 26. Rg4 Qg6 27. Qf3 Bxa2 28.
Rxf4 Bb1 29. Qd1 Qd3+ 30. Kc1 Qg3 31. Qd2 Be4 32. Nf1 Qh3 33. Qe3 Qg2 34. Qf2
Qh3 35. Ng3 Bd3 36. Kd2 Bc4 37. Rxa7 1-0

[Event "FIDE World Rapid Team"]
[Site "London ENG"]
[Date "2025.06.12"]
[Round "6.3"]
[White "Slavin, Gennadie"]
[Black "Muetsch, Annmarie"]
[Result "0-1"]
[BlackTitle "WIM"]
[WhiteElo "2207"]
[BlackElo "2271"]
[WhiteTeam "Perfect"]
[BlackTeam "¡Ållez-Y Initiative!"]
[WhiteFideId "4104870"]
[BlackFideId "12971367"]
[EventDate "2025.06.11"]
[EventType "team"]

1. e4 d6 2. d4 Nf6 3. Nc3 e5 4. Nge2 Be7 5. g3 c6 6. Bg2 b5 7. a3 O-O 8. O-O
Nbd7 9. h3 a5 10. Be3 Ba6 11. f4 Qc7 12. Qd2 b4 13. Nd1 c5 14. fxe5 dxe5 15. d5
c4 16. g4 c3 17. bxc3 bxa3 18. Nf2 Bc4 19. Nd3 Nc5 20. Ng3 Bxd3 21. cxd3 Nb3 22.
Qc2 Nxa1 23. Rxa1 Bc5 24. Bxc5 Qxc5+ 25. Kh2 Rab8 26. Ra2 g6 27. c4 a4 28. Qxa4
Qe3 0-1

[Event "FIDE World Rapid Team"]
[Site "London ENG"]
[Date "2025.06.12"]
[Round "6.4"]
[White "Loftgaard, Mikkel Vinh"]
[Black "Arakhamia-Grant, Ketevan"]
[Result "1-0"]
[WhiteTitle "FM"]
[BlackTitle "GM"]
[WhiteElo "2243"]
[BlackElo "2269"]
[WhiteTeam "¡Ållez-Y Initiative!"]
[BlackTeam "Perfect"]
[WhiteFideId "1468480"]
[BlackFideId "13600168"]
[EventDate "2025.06.11"]
[EventType "team"]

1. e4 c5 2. Nf3 Nc6 3. c3 d5 4. exd5 Qxd5 5. d4 Nf6 6. Be2 e6 7. Na3 Qd8 8. Nc4
cxd4 9. cxd4 Bb4+ 10. Bd2 O-O 11. O-O Bxd2 12. Qxd2 b6 13. Rfd1 Bb7 14. Rac1 Qe7
15. Nfe5 Nb4 16. a3 Nbd5 17. Bf3 Rfd8 18. Qg5 h6 19. Qg3 Rac8 20. Ne3 Nxe3 21.
fxe3 Ne4 22. Qf4 f5 23. Bxe4 Bxe4 24. Qf2 Rc7 25. Ng6 Qd6 26. Qf4 Qxf4 27. Nxf4
Rdc8 28. Rxc7 Rxc7 29. Rd2 Kf7 30. Ne2 Rd7 31. Nc3 Bb7 32. Kf2 e5 33. g3 Ke6 34.
Ke1 e4 35. Ne2 g5 36. Rc2 Kd6 37. Kd2 h5 38. Rc1 Ba6 39. Rf1 Ke6 40. Rc1 Kd6 41.
Rf1 Ke6 42. Rc1 Bb5 43. Rc8 h4 44. gxh4 Rh7 45. d5+ Kd7 46. Rf8 Rxh4 47. Nd4
Rxh2+ 48. Kc3 Bd3 49. Rxf5 g4 50. Rg5 Rg2 51. Nf5 a5 52. Rg7+ Kd8 53. Kd4 Rd2
54. Ke5 Bc4 55. Nd4 Rxb2 56. d6 Rd2 57. Ne6+ 1-0

[Event "FIDE World Rapid Team"]
[Site "London ENG"]
[Date "2025.06.12"]
[Round "6.5"]
[White "Atlas, Dmitry"]
[Black "Jalving, August"]
[Result "0-1"]
[WhiteTitle "FM"]
[BlackTitle "CM"]
[WhiteElo "2107"]
[BlackElo "2306"]
[WhiteTeam "Perfect"]
[BlackTeam "¡Ållez-Y Initiative!"]
[WhiteFideId "12000051"]
[BlackFideId "1471759"]
[EventDate "2025.06.11"]
[EventType "team"]

1. e4 e5 2. Nf3 Nc6 3. Bc4 Bc5 4. d3 Nf6 5. c3 O-O 6. O-O d6 7. Bb3 Bb6 8. Nbd2
a6 9. h3 Be6 10. Re1 Re8 11. Nf1 d5 12. Qe2 Qc8 13. Bg5 dxe4 14. dxe4 Nd7 15.
Ng3 Bxb3 16. axb3 Nc5 17. b4 Ne6 18. Nf5 g6 19. Nh6+ Kg7 20. Bd2 Nf4 21. Bxf4
exf4 22. Qc4 Kxh6 23. Qxf7 Rf8 24. Qd5 Qd8 25. Qc4 Qe7 26. e5 Rae8 27. Re4 Qe6
28. Qe2 Rf5 29. Re1 Kg7 30. c4 Nxb4 31. Qd2 Nc6 32. b4 Rd8 33. Qb2 Kg8 34. c5
Ba7 35. Nh4 Rff8 36. Nf3 h6 37. Qc3 Kh7 38. Nh2 Ne7 39. Nf3 Bb8 40. Nd4 Qd5 41.
e6 c6 42. Nf3 Qd3 43. Qb2 Qd5 44. Rd4 Qf5 45. Rde4 Qf6 46. Qb3 Rd5 47. Nh2 Rfd8
48. Ng4 Qg7 49. Qb1 f3 50. gxf3 h5 51. Ne3 Re5 52. Nc4 Rxe4 53. Qxe4 Rd4 54. Qe2
Qf6 55. Nd6 Bxd6 56. cxd6 Rxd6 57. Qc4 Qxf3 58. Qh4 Qf8 59. Re4 Nf5 60. e7 Qe8
61. Qg5 Rd7 62. Qf6 Rxe7 0-1

[Event "FIDE World Rapid Team"]
[Site "London ENG"]
[Date "2025.06.12"]
[Round "6.6"]
[White "McCallum, Elliot"]
[Black "Mindru, Valeriu"]
[Result "1-0"]
[WhiteElo "1924"]
[BlackElo "1874"]
[WhiteTeam "¡Ållez-Y Initiative!"]
[BlackTeam "Perfect"]
[WhiteFideId "2645718"]
[BlackFideId "13905775"]
[EventDate "2025.06.11"]
[EventType "team"]

1. e4 c6 2. d4 d5 3. e5 c5 4. dxc5 Nc6 5. f4 e6 6. Be3 Qa5+ 7. c3 Bxc5 8. b4
Nxb4 9. Bxc5 Qxc5 10. cxb4 Qxb4+ 11. Qd2 Qe4+ 12. Ne2 Ne7 13. Nc3 Qg6 14. Nd4
O-O 15. Bd3 Qh6 16. O-O Bd7 17. Rf3 f5 18. Rh3 Qg6 19. Ncb5 Nc6 20. Rg3 Qh6 21.
Nxc6 bxc6 22. Nd6 c5 23. Nb7 c4 24. Bxc4 Bc8 25. Ba6 Rb8 26. Nc5 Rb6 27. Bxc8
Rxc8 28. Nd7 Rbc6 29. Nf6+ Kh8 30. Rh3 1-0

[Event "FIDE World Rapid Team"]
[Site "London ENG"]
[Date "2025.06.12"]
[Round "6.1"]
[White "Wu, Li"]
[Black "Hong, Andrew"]
[Result "0-1"]
[WhiteTitle "FM"]
[BlackTitle "GM"]
[WhiteElo "2278"]
[BlackElo "2589"]
[WhiteTeam "Chess Rising Stars"]
[BlackTeam "FIDE MB Team"]
[WhiteFideId "411086"]
[BlackFideId "2099438"]
[EventDate "2025.06.11"]
[EventType "team"]

1. c4 Nf6 2. Nc3 e5 3. Nf3 Nc6 4. g3 Nd4 5. Bg2 Nxf3+ 6. Bxf3 Bb4 7. Qc2 O-O 8.
a3 Be7 9. O-O c6 10. d3 d5 11. cxd5 cxd5 12. Bg5 Be6 13. Bxf6 Bxf6 14. e4 d4 15.
Nd5 Bg5 16. Qe2 Qd7 17. Bg2 Bh6 18. Rae1 Rae8 19. Qd1 f5 20. Qb3 f4 21. f3 fxg3
22. hxg3 Be3+ 23. Rxe3 dxe3 24. Re1 Rc8 25. Rxe3 Rc1+ 26. Kf2 Rfc8 27. Re2 Kh8
28. Rd2 Qc6 29. f4 Qc5+ 30. d4 exd4 31. Qd3 Bxd5 32. exd5 Rc2 33. Be4 Rxd2+ 34.
Qxd2 Qc4 35. Kf3 Re8 36. Qh2 Qb3+ 0-1

[Event "FIDE World Rapid Team"]
[Site "London ENG"]
[Date "2025.06.12"]
[Round "6.2"]
[White "Short, Nigel D"]
[Black "Cumming, Rhys"]
[Result "1-0"]
[WhiteTitle "GM"]
[BlackTitle "FM"]
[WhiteElo "2587"]
[BlackElo "2285"]
[WhiteTeam "FIDE MB Team"]
[BlackTeam "Chess Rising Stars"]
[WhiteFideId "400025"]
[BlackFideId "470163"]
[EventDate "2025.06.11"]
[EventType "team"]

1. e4 e5 2. Nf3 Nc6 3. Bb5 Nf6 4. O-O Nxe4 5. d4 Nd6 6. Bxc6 dxc6 7. dxe5 Nf5 8.
Qxd8+ Kxd8 9. Rd1+ Ke8 10. Nc3 Be7 11. Bg5 Bxg5 12. Nxg5 h6 13. Nf3 Ne7 14. Nd4
Nf5 15. f4 Ke7 16. Rac1 Rd8 17. Nf3 Be6 18. Kf2 c5 19. g4 Nd4 20. f5 Nxf3 21.
Kxf3 Bd7 22. Nd5+ Kf8 23. c4 Bc6 24. Kf4 Rac8 25. h4 b6 26. g5 hxg5+ 27. hxg5
Bxd5 28. cxd5 Ke7 29. f6+ Kd7 30. Rh1 gxf6 31. gxf6 Rh8 32. Kf5 c6 33. e6+ Kd6
34. Rxh8 Rxh8 35. exf7 cxd5 36. Re1 1-0

[Event "FIDE World Rapid Team"]
[Site "London ENG"]
[Date "2025.06.12"]
[Round "6.3"]
[White "Navrotescu, Andreea"]
[Black "Bologan, Victor"]
[Result "0-1"]
[WhiteTitle "WGM"]
[BlackTitle "GM"]
[WhiteElo "2333"]
[BlackElo "2601"]
[WhiteTeam "Chess Rising Stars"]
[BlackTeam "FIDE MB Team"]
[WhiteFideId "675946"]
[BlackFideId "13900048"]
[EventDate "2025.06.11"]
[EventType "team"]

1. d4 Nf6 2. c4 g6 3. Nf3 d6 4. g3 Bg7 5. Bg2 Bf5 6. Nc3 Ne4 7. Nxe4 Bxe4 8. O-O
O-O 9. Be3 Nc6 10. Qd2 e5 11. d5 Ne7 12. Bh3 Bf5 13. Bg2 b6 14. Rac1 a5 15. Rfd1
Qd7 16. b3 Bh3 17. a3 Bxg2 18. Kxg2 Nf5 19. b4 axb4 20. axb4 Ra3 21. c5 bxc5 22.
bxc5 Qa4 23. cxd6 cxd6 24. Rc6 Rxe3 25. Re1 Ra3 26. e4 Rxf3 0-1

[Event "FIDE World Rapid Team"]
[Site "London ENG"]
[Date "2025.06.12"]
[Round "6.4"]
[White "Al-Mudahka, Mohd"]
[Black "Tsaknakis, Zisis"]
[Result "1/2-1/2"]
[WhiteTitle "GM"]
[BlackTitle "FM"]
[WhiteElo "2542"]
[BlackElo "2333"]
[WhiteTeam "FIDE MB Team"]
[BlackTeam "Chess Rising Stars"]
[WhiteFideId "12100030"]
[BlackFideId "4259963"]
[EventDate "2025.06.11"]
[EventType "team"]

1. e4 e5 2. Nf3 Nc6 3. Bb5 a6 4. Ba4 Nf6 5. O-O Be7 6. Bxc6 dxc6 7. Qe1 Nd7 8.
b3 O-O 9. Bb2 f6 10. d4 exd4 11. Nxd4 Ne5 12. Nd2 c5 13. Nf5 Bxf5 14. exf5 Bd6
15. Ne4 Re8 16. Qd1 Bf8 17. Re1 b6 18. Qh5 Qd7 19. f4 Qf7 20. Qxf7+ Nxf7 21. g4
Nd6 22. Nc3 Rxe1+ 23. Rxe1 Re8 24. Rxe8 Nxe8 25. Kf2 Bd6 26. Kf3 Kf7 27. Nd5 b5
28. c4 c6 29. Nc3 Be7 30. Ne4 Nd6 31. Nxc5 Nxc4 32. Bd4 Nd2+ 33. Ke2 Bxc5 34.
Bxc5 Ne4 35. Bd4 c5 36. Kd3 cxd4 37. Kxe4 Ke7 38. Kxd4 Kd6 39. g5 Kc6 40. b4 Kd6
41. Ke4 Kc6 42. Kd4 Kd6 43. h3 Kc6 44. Ke4 Kd6 45. Kd4 Kc6 46. Ke4 Kd6 47. Kd4
Kc6 48. h4 h5 49. Ke4 Kd6 50. Kd4 Kc6 51. a3 Kd6 52. Ke4 Kc6 53. Kd4 Kd6 54. Ke4
Kc6 55. Kd4 Kd6 56. Ke4 1/2-1/2

[Event "FIDE World Rapid Team"]
[Site "London ENG"]
[Date "2025.06.12"]
[Round "6.5"]
[White "Bird, Joel"]
[Black "Stoisavljevic, Sava"]
[Result "0-1"]
[BlackTitle "WFM"]
[WhiteElo "1987"]
[BlackElo "2125"]
[WhiteTeam "Chess Rising Stars"]
[BlackTeam "FIDE MB Team"]
[WhiteFideId "429252"]
[BlackFideId "913545"]
[EventDate "2025.06.11"]
[EventType "team"]

1. e4 c6 2. d4 d5 3. Nc3 dxe4 4. Nxe4 Nd7 5. Ng5 Ngf6 6. Bd3 Nb6 7. N1f3 h6 8.
Ne4 Nxe4 9. Bxe4 Bg4 10. h3 Bxf3 11. Bxf3 e6 12. O-O Be7 13. Re1 O-O 14. Bf4 Bd6
15. Be5 Nc4 16. b3 Nxe5 17. dxe5 Bb4 18. Qxd8 Rfxd8 19. Red1 Bc3 20. Rxd8+ Rxd8
21. Rd1 Rxd1+ 22. Bxd1 Bxe5 23. Kf1 Kf8 24. Ke2 Ke7 25. Ke3 f5 26. f4 Bf6 27. a4
g5 28. g4 Kd6 29. Be2 a6 30. Bd3 fxg4 31. hxg4 gxf4+ 32. Kxf4 Kc5 33. Bc4 Kd6
34. Ke4 Bg5 35. Bd3 Bf6 36. Bc4 b5 37. Be2 Kc5 38. Kd3 a5 39. c3 Kd6 40. Bf3
bxa4 41. bxa4 c5 42. c4 Ke5 43. Be2 Kf4 44. Kd2 Bd4 45. Ke1 e5 46. Kf1 Ke3 47.
Bd1 Kd2 48. Bf3 Kc3 49. Bc6 Kxc4 50. Ke2 Kc3 0-1

[Event "FIDE World Rapid Team"]
[Site "London ENG"]
[Date "2025.06.12"]
[Round "6.1"]
[White "Derakhshani, Borna"]
[Black "Hansen, Eric"]
[Result "1/2-1/2"]
[WhiteTitle "FM"]
[BlackTitle "GM"]
[WhiteElo "2348"]
[BlackElo "2609"]
[WhiteTeam "Wood Green Youth"]
[BlackTeam "ChessbrahTV"]
[WhiteFideId "12518450"]
[BlackFideId "2606771"]
[EventDate "2025.06.11"]
[EventType "team"]

1. e4 c5 2. Nf3 e6 3. d4 cxd4 4. Nxd4 a6 5. Nc3 Qc7 6. a3 Nf6 7. Be2 Nc6 8. O-O
b5 9. Nxc6 dxc6 10. Be3 e5 11. f3 Be6 12. Qe1 Be7 13. Qf2 O-O 14. Rfd1 a5 15.
Bb6 Qb8 16. Bc5 Bxc5 17. Qxc5 Rc8 18. Rd2 Nd7 19. Qe3 Qb6 20. Qxb6 Nxb6 21. Rd6
Rab8 22. b3 Kf8 23. a4 Ke7 24. Rd2 b4 25. Nd1 Rd8 26. Rxd8 Rxd8 27. Ne3 Rd4 28.
Kf2 g6 29. g4 Nd7 30. Ke1 Nb6 31. g5 c5 32. Rd1 Kd6 33. Bc4 Bxc4 34. Nxc4+ Nxc4
35. bxc4 Ke6 36. Rxd4 cxd4 37. Ke2 f6 38. h4 fxg5 39. hxg5 Kd6 40. Kd2 Kc5 41.
Kd3 Kc6 42. Kd2 Kc5 1/2-1/2

[Event "FIDE World Rapid Team"]
[Site "London ENG"]
[Date "2025.06.12"]
[Round "6.2"]
[White "Ragnarsson, Dagur"]
[Black "Balaji, Aaravamudhan"]
[Result "1/2-1/2"]
[WhiteTitle "IM"]
[BlackTitle "IM"]
[WhiteElo "2349"]
[BlackElo "2346"]
[WhiteTeam "ChessbrahTV"]
[BlackTeam "Wood Green Youth"]
[WhiteFideId "2304058"]
[BlackFideId "436224"]
[EventDate "2025.06.11"]
[EventType "team"]

1. Nf3 d5 2. g3 Nf6 3. Bg2 g6 4. O-O Bg7 5. c4 O-O 6. cxd5 Nxd5 7. d4 Nb6 8. Nc3
Nc6 9. d5 Na5 10. e4 c6 11. Bf4 cxd5 12. exd5 Bxc3 13. bxc3 Qxd5 14. Nd4 Qc5 15.
Re1 Nac4 16. Nb3 Qa3 17. Bc1 Qd6 18. Qxd6 exd6 19. Bh6 Rd8 20. Bg5 Rf8 21. Bh6
Rd8 22. Re7 Bd7 23. Bxb7 Re8 24. Rae1 Rxe7 25. Rxe7 Re8 26. Rxe8+ Bxe8 27. Nd2
Nxd2 28. Bxd2 Bb5 29. Bf4 Nc4 30. Bd5 Kf8 31. a4 Ba6 32. Bg5 Ke8 33. Bc6+ Kf8
34. Bf6 Ne5 35. Bg2 Bc4 36. f4 Nd7 37. Bd4 Nc5 38. Bc6 Ke7 39. Kf2 Kd8 40. Ke3
Kc7 41. Bf3 Nxa4 42. Bxa7 Nxc3 43. Bd4 Nb5 44. Bf6 Be6 45. g4 Na3 46. h3 Nc2+
47. Kd2 Nb4 48. Bc3 Nd5 49. f5 gxf5 50. gxf5 Bxf5 51. Bxd5 Bxh3 52. Bxf7 Bf5 53.
Ke3 Kd7 54. Bf6 Be6 55. Bh5 Bf5 56. Kf4 Ke6 57. Bb2 Bg6 58. Bf3 Bc2 59. Ba3 Bg6
60. Ke3 Bf5 61. Kd4 Bg6 62. Bd5+ Ke7 63. Kc4 Bf7 64. Bxf7 1/2-1/2

[Event "FIDE World Rapid Team"]
[Site "London ENG"]
[Date "2025.06.12"]
[Round "6.3"]
[White "Haydon, David L"]
[Black "Delaney, Killian"]
[Result "1/2-1/2"]
[WhiteTitle "FM"]
[BlackTitle "FM"]
[WhiteElo "2284"]
[BlackElo "2275"]
[WhiteTeam "Wood Green Youth"]
[BlackTeam "ChessbrahTV"]
[WhiteFideId "415405"]
[BlackFideId "2501570"]
[EventDate "2025.06.11"]
[EventType "team"]

1. Nf3 c5 2. e3 Nc6 3. d4 cxd4 4. exd4 d5 5. c3 Bf5 6. Bf4 e6 7. Qb3 Bd6 8. Bxd6
Qxd6 9. Nbd2 Nge7 10. Be2 h6 11. a4 O-O 12. O-O Rab8 13. Rfe1 Qc7 14. Bf1 Rfc8
15. Ne5 Nxe5 16. Rxe5 a6 17. Ree1 Nc6 18. Qa3 b5 19. Nb3 b4 20. Qa2 bxc3 21.
bxc3 a5 22. Nc5 Rb6 23. Qd2 Qd6 24. Bd3 Bxd3 25. Qxd3 Rcb8 26. Rab1 e5 27. Rxb6
Rxb6 28. Qf5 Ne7 29. Qc2 Nc6 30. g3 Rb8 31. Qd2 exd4 32. cxd4 Rb4 33. Qd3 Qd8
34. Nb3 Qb8 35. Qa6 Rxb3 36. Qxc6 Rb1 37. Qc3 Rxe1+ 38. Qxe1 Qb4 39. Qe8+ Kh7
40. Qxf7 Qxd4 41. Qf5+ Kg8 42. Qc2 Qe5 43. Kf1 d4 44. Qc4+ Kf8 45. h4 d3 46.
Qxd3 Qa1+ 47. Kg2 Qxa4 48. Qf5+ Kg8 49. Qe6+ Kh8 50. Qc8+ Kh7 51. Qf5+ Kh8 52.
g4 Qc6+ 53. f3 a4 54. g5 hxg5 55. hxg5 g6 56. Qf7 Qc2+ 57. Kg3 Qf5 58. Qe7 a3
59. Qe8+ Kg7 60. Qe7+ Kg8 61. Qe8+ Kg7 1/2-1/2

[Event "FIDE World Rapid Team"]
[Site "London ENG"]
[Date "2025.06.12"]
[Round "6.4"]
[White "Vincent, Trevor"]
[Black "Waldhausen Gordon, Frederick"]
[Result "0-1"]
[BlackTitle "FM"]
[WhiteElo "2226"]
[BlackElo "2395"]
[WhiteTeam "ChessbrahTV"]
[BlackTeam "Wood Green Youth"]
[WhiteFideId "2605600"]
[BlackFideId "2409143"]
[EventDate "2025.06.11"]
[EventType "team"]

1. Nf3 Nf6 2. c4 e6 3. g3 d5 4. Bg2 dxc4 5. Na3 Bxa3 6. bxa3 O-O 7. Bb2 Nc6 8.
Qc2 Qe7 9. Qxc4 e5 10. O-O Bd7 11. d3 Rfe8 12. Rfe1 Rad8 13. Nd2 a6 14. Qc2 h5
15. Nb3 Rb8 16. Nc5 Nd8 17. Rac1 Bc6 18. e4 Nd7 19. Nb3 Ne6 20. Na5 Qd6 21. Nc4
Qc5 22. Qd1 Qe7 23. Qxh5 f6 24. Ne3 Ndf8 25. Nd5 Qf7 26. Qd1 Rbd8 27. Qb3 Nd7
28. Nb4 Ndc5 29. Qc2 Bb5 30. Red1 Ba4 31. Qb1 Bxd1 32. Rxd1 Na4 33. Ba1 Nd4 34.
Nd5 c6 35. Ne3 Ne2+ 36. Kf1 Nac3 37. Qc2 Nxd1 38. Nxd1 Nd4 39. Qb1 Ne6 40. Kg1
Nc5 41. Bf1 Rd7 42. Qc2 b6 43. Ne3 Rdd8 44. Nc4 Qc7 45. Bc3 Ne6 46. Qb3 b5 47.
Ne3 Qf7 48. Ba5 Nd4 49. Qd1 Rd6 50. Bb4 Rdd8 51. Qg4 g6 52. h4 Kh7 53. h5 gxh5
54. Qh3 Qg6 55. Bc5 Nf3+ 56. Kg2 Ne1+ 57. Kg1 Nxd3 58. Bb6 Nf4 59. Qh4 Rd2 60.
Nf5 Rd1 61. Be3 Qg5 62. Qh1 Red8 63. Qf3 Re1 64. Bxf4 exf4 65. Kg2 fxg3 66. fxg3
Rd2+ 67. Kh3 Rxf1 68. Qxf1 Qg4# 0-1

[Event "FIDE World Rapid Team"]
[Site "London ENG"]
[Date "2025.06.12"]
[Round "6.5"]
[White "Jaufarally, Nadia"]
[Black "Garcia Martin, Marta"]
[Result "0-1"]
[BlackTitle "IM"]
[WhiteElo "1944"]
[BlackElo "2339"]
[WhiteTeam "Wood Green Youth"]
[BlackTeam "ChessbrahTV"]
[WhiteFideId "443727"]
[BlackFideId "32084030"]
[EventDate "2025.06.11"]
[EventType "team"]

1. e4 g6 2. d4 Bg7 3. Nf3 d6 4. c4 Bg4 5. Be2 Nc6 6. Be3 e5 7. d5 Bxf3 8. Bxf3
Nd4 9. Nd2 Ne7 10. Nb3 c5 11. O-O O-O 12. Be2 f5 13. f3 a6 14. Nd2 Rb8 15. Rb1
b5 16. b4 bxc4 17. Bxc4 cxb4 18. Bxa6 Qa5 19. Bc4 Qa3 20. Bf2 Rfc8 21. Rc1 Bh6
22. Rb1 Bxd2 23. Qxd2 Rxc4 24. Rfd1 Rc2 25. Qg5 Kf7 26. Rxd4 Rxf2 27. Rc4 Qxa2
28. Rbc1 Rb7 29. exf5 Nxd5 30. fxg6+ hxg6 31. Rc8 Qd2 32. Qg3 Re2 33. Qh3 Re1+ 0-1

[Event "FIDE World Rapid Team"]
[Site "London ENG"]
[Date "2025.06.12"]
[Round "6.6"]
[White "Stojsin, Nikola"]
[Black "Ivanov, Elizabeth"]
[Result "1-0"]
[WhiteElo "1716"]
[BlackElo "1738"]
[WhiteTeam "ChessbrahTV"]
[BlackTeam "Wood Green Youth"]
[WhiteFideId "39923894"]
[BlackFideId "427284"]
[EventDate "2025.06.11"]
[EventType "team"]

1. e4 d5 2. exd5 Nf6 3. Nf3 Nxd5 4. d4 Bg4 5. Be2 e6 6. c4 Nf6 7. Be3 Bb4+ 8.
Nbd2 c6 9. O-O Bxd2 10. Nxd2 Bf5 11. Nf3 Qc7 12. Ne5 O-O 13. Bf4 Qe7 14. Bd3
Bxd3 15. Qxd3 Nbd7 16. Nf3 Rfe8 17. Rfe1 Nf8 18. c5 Nd5 19. Bd6 Qf6 20. Ne5 Qd8
21. Qf3 f6 22. Nd3 Nc7 23. a4 Qd7 24. Re4 b6 25. b4 Ng6 26. Rae1 Kf7 27. h4 Nd5
28. h5 Nf8 29. Ne5+ 1-0

[Event "FIDE World Rapid Team"]
[Site "London ENG"]
[Date "2025.06.12"]
[Round "6.1"]
[White "Kogan, Arthur"]
[Black "Schneider, Ilja"]
[Result "1/2-1/2"]
[WhiteTitle "GM"]
[BlackTitle "IM"]
[WhiteElo "2475"]
[BlackElo "2417"]
[WhiteTeam "OlalaStars"]
[BlackTeam "Berlin Chess Federation"]
[WhiteFideId "2800802"]
[BlackFideId "4663306"]
[EventDate "2025.06.11"]
[EventType "team"]

1. Nf3 Nf6 2. d4 e6 3. e3 c5 4. Bd3 d5 5. b3 Nc6 6. O-O b6 7. Bb2 Bb7 8. Nbd2
Rc8 9. Ne5 cxd4 10. exd4 Nxe5 11. dxe5 Nd7 12. Qg4 g6 13. f4 Nc5 14. Bb5+ Bc6
15. Bxc6+ Rxc6 16. Rad1 Be7 17. Qf3 Rc7 18. c4 Rd7 19. cxd5 Rxd5 20. Nc4 Nd3 21.
Nd6+ Bxd6 22. exd6 Nxb2 23. Rxd5 exd5 24. Qe2+ Kd7 25. Qxb2 Kxd6 26. Qa3+ Ke6
27. Re1+ Kf6 28. Qb2+ d4 29. Re4 Kg7 30. Qxd4+ Qxd4+ 31. Rxd4 Rc8 32. Rd2 Kf6
33. Kf2 Rc3 34. g3 h5 35. Kg2 Re3 36. Kh3 Re1 1/2-1/2